PARTY TIME IN MUSSOORIE (Record no. 2750)
[ view plain ]
| 000 -LEADER | |
|---|---|
| fixed length control field | 00623nam a22001457a 4500 |
| 020 ## - INTERNATIONAL STANDARD BOOK NUMBER | |
| ISBN | 978-81-291-4449-2 |
| 082 ## - DEWEY DECIMAL CLASSIFICATION NUMBER | |
| Classification number | 823 |
| Item number | BON/P |
| 100 ## - MAIN ENTRY--AUTHOR NAME | |
| Personal name | BOND, RUSKIN |
| 245 ## - TITLE STATEMENT | |
| Title | PARTY TIME IN MUSSOORIE |
| 260 ## - PUBLICATION, DISTRIBUTION, ETC. (IMPRINT) | |
| Place of publication | DELHI |
| Name of publisher | RUPA PUBLICATIONS |
| Year of publication | 2016 |
| 300 ## - PHYSICAL DESCRIPTION | |
| Number of Pages | 132 |
| 520 ## - SUMMARY, ETC. | |
| Summary, etc | Party time in Mussoorie by Ruskin Bond is quite a lovable book which has chapters based on some or the other event in the life of the author. Mr Bond affectionately describes the importance of a Postman in a writers life, writes about Cricket and his cousin's mental illness surrounding Ranji. |
| 650 ## - SUBJECT ADDED ENTRY--TOPICAL TERM | |
| Topical Term | CHILDRENS STORY BOOK |
| Geographic subdivision | INDIA |
| 942 ## - ADDED ENTRY ELEMENTS (KOHA) | |
| Koha item type | Books |
| Withdrawn status | Lost status | Collection code | Home library | Current library | Shelving location | Date acquired | Source of acquisition | Cost, normal purchase price | Full call number | Accession Number | Koha item type |
|---|---|---|---|---|---|---|---|---|---|---|---|
| Fiction | Main Library | Main Library | SHELF-14B -ALPHABETICAL -B--ENGLISH NOVELS & FICTIONS | 25/01/2019 | purchase | 195.00 | 823 BON/P | 10679 | Books |